| 000 | 00365nam a2200169Ia 4500 | ||
|---|---|---|---|
| 100 | _aSodhi/G.S | ||
| 650 | _aInorganic Chemistry | ||
| 942 | _cBK | ||
| 366 | _f20 | ||
| 654 | _ainorganic chemistry | ||
| 245 | _aTextbook of Inorganic chemistry | ||
| 260 |
_bViva _c2011 |
||
| 082 |
_a546 _bSOD |
||
| 300 | _a650 | ||
| 546 |
_aENGLISH _cComputers |
||
| 999 |
_c28920 _d28920 |
||